000 00769nam a22001577a 4500
003 OSt
005 20150912135232.0
008 150912b xxu||||| |||| 00| 0 eng d
040 _cRUA
082 _aAGR លាង 1996 B015 Or.1
100 _9323
_aលាង វុទ្ធា
245 _aសិក្សាពីបញ្ហាសត្វល្អិតបំផ្លាញដំណាំស្រូវប្រាំងឆ្នាំ ១៩៩៦ ក្នុង​លក្ខខ័ណ្ឌស្រុក កំពង់រោទ៍ ខេត្តស្វាយរៀង ( study on insect pest problems in rice dry season 1996 at kampongro district svayrieng province )
260 _aPhnom Penh
_bRUA
_c1996
300 _a91p.
_bill.
_c29cm.
942 _2ddc
_cAGR
999 _c303
_d303